Modifikované metódy detekcie v optických systémoch s kódovým delením kanála : Diz.práca: V.odb.26-27-9: Obh. 29.6.1999

Salvato in:
Dettagli Bibliografici
Autore principale: Poľaško, Michal, 1970- (Autore)
Altri autori: Farkaš, Peter, 1956- (Relatore della tesi)
Natura: Manoscritto Libro
Lingua:slovacco
Pubblicazione: Bratislava : STU v Bratislave FEI, 1999
Soggetti:
Tags: Aggiungi Tag
Nessun Tag, puoi essere il primo ad aggiungerne!!

MARC

LEADER 00000ntm a22000003a 4500
001 stu52250
005 20150617225705.5
008 000225s1999----xo------------------slo-d
040 |a STU  |b slo 
041 0 |a slo 
044 |a xo 
080 |a 621.391.8 
080 |a 681.327.8 
084 |a B6140M  |2 INS 
084 |a C1260S  |2 INS 
100 1 |a Poľaško, Michal,  |d 1970-  |4 aut  |u E240  |U FEI Fakulta elektrotechniky a informatiky  |T FEI Katedra telekomunikácií  |X 3584  |U E240  |Y 72  |7 A000003584 
245 1 |a Modifikované metódy detekcie v optických systémoch s kódovým delením kanála :  |b Diz.práca: V.odb.26-27-9: Obh. 29.6.1999 
260 |a Bratislava :  |b STU v Bratislave FEI,  |c 1999 
300 |a 104 s 
650 7 |a detekcia signálov  |2 stusub 
650 7 |a optické komunikačné systémy  |2 stusub 
650 7 |a CDMA  |2 stusub 
650 7 |a OCDMA  |2 stusub 
700 1 |a Farkaš, Peter,  |d 1956-  |4 ths  |u E070  |U FEI Fakulta elektrotechniky a informatiky  |T FEI Ústav telekomunikácií  |X 1933  |U E070  |Y 818  |7 A000001933 
996 |b 284ED00013  |c E*PGŠ-783  |l EE01  |s A  |a 24  |w stu52250_0001